00444nam a2200193Ia 4500003000900000008004100009040001300050040001300063041000800076100003100084245004900115250001100164260001500175260000900190300001100199300001000210490002400220490000600244IT-RoPAU120407s9999 xx 000 0 und d aIT-RoPAU cIT-RoPAU aita aRuiz José Maria Gonzalez a"Credere è impegnarsi. trad. di G. Pompei" aAssisi aCittadella c1968 a116 p. c19 cm aNuove frontiere, 10 v1